<?xml version="1.0" encoding="UTF-8"?>
<record
    xmlns:xsi="http://www.w3.org/2001/XMLSchema-instance"
    xsi:schemaLocation="http://www.loc.gov/MARC21/slim http://www.loc.gov/standards/marcxml/schema/MARC21slim.xsd"
    xmlns="http://www.loc.gov/MARC21/slim">

  <leader>01450nam a22002175i 4500</leader>
  <controlfield tag="001">991061458998006706</controlfield>
  <controlfield tag="005">20251013111740.0</controlfield>
  <controlfield tag="008">AAMMDD-----    ---|||||-|||||-|| -----|c</controlfield>
  <datafield tag="020" ind1=" " ind2=" ">
    <subfield code="a">9781529602029</subfield>
  </datafield>
  <datafield tag="040" ind1=" " ind2=" ">
    <subfield code="a">ES-TaURV</subfield>
    <subfield code="b">cat</subfield>
    <subfield code="e">rda</subfield>
    <subfield code="c">ES-TaURV</subfield>
  </datafield>
  <datafield tag="041" ind1=" " ind2=" ">
    <subfield code="a">eng</subfield>
  </datafield>
  <datafield tag="050" ind1=" " ind2=" ">
    <subfield code="a">H62 </subfield>
    <subfield code="b">.S997 2025</subfield>
  </datafield>
  <datafield tag="100" ind1=" " ind2=" ">
    <subfield code="a">Szulc, Joanna</subfield>
    <subfield code="9">26079</subfield>
    <subfield code="e">author</subfield>
  </datafield>
  <datafield tag="245" ind1="1" ind2="0">
    <subfield code="a">Dyadic interviews in qualitative research :</subfield>
    <subfield code="b">: your practical guide</subfield>
    <subfield code="c">/ Joanna Szulc, Nigel King.</subfield>
  </datafield>
  <datafield tag="260" ind1=" " ind2=" ">
    <subfield code="a">London :</subfield>
    <subfield code="b">SAGE Publications,</subfield>
    <subfield code="c">2025.</subfield>
  </datafield>
  <datafield tag="300" ind1=" " ind2=" ">
    <subfield code="a">117 pages ; </subfield>
    <subfield code="c">25 cm.</subfield>
  </datafield>
  <datafield tag="520" ind1=" " ind2=" ">
    <subfield code="a">From world-class qualitative experts comes a practical, step-by-step introduction to doing dyadic interviews. Including the perspective of both the interviewer and the interviewee, this book shows how to use this innovative interview technique to gain new insights into your research problem.

The book will also equip you with the tools and confidence to overcome potential challenges associated with the method and fully realise its advantages.

The book includes: 
Real world interview extracts so you can see how techniques work in practice; 
Case studies from a wide range of disciplines and contexts; 
A researcher&#x2019;s checklist with step-by-step guidance through the whole research process; 
Content covering digital methods as well as in-person interviews.</subfield>
  </datafield>
  <datafield tag="650" ind1=" " ind2="0">
    <subfield code="a">Qualitative research</subfield>
    <subfield code="x">Methodology</subfield>
    <subfield code="9">26080</subfield>
  </datafield>
  <datafield tag="700" ind1=" " ind2=" ">
    <subfield code="a">King, Nigel</subfield>
    <subfield code="9">26081</subfield>
    <subfield code="e">author</subfield>
  </datafield>
  <datafield tag="942" ind1=" " ind2=" ">
    <subfield code="2">lcc</subfield>
  </datafield>
  <datafield tag="952" ind1=" " ind2=" ">
    <subfield code="0">0</subfield>
    <subfield code="1">0</subfield>
    <subfield code="2">lcc</subfield>
    <subfield code="4">0</subfield>
    <subfield code="7">0</subfield>
    <subfield code="a">TBS</subfield>
    <subfield code="b">TBS</subfield>
    <subfield code="d">2025-10-13</subfield>
    <subfield code="l">0</subfield>
    <subfield code="o">H62 SZU</subfield>
    <subfield code="p">B05779</subfield>
    <subfield code="r">2025-10-13</subfield>
    <subfield code="t">1</subfield>
    <subfield code="w">2025-10-13</subfield>
    <subfield code="y">1</subfield>
  </datafield>
  <datafield tag="999" ind1=" " ind2=" ">
    <subfield code="c">5024</subfield>
    <subfield code="d">5024</subfield>
  </datafield>
</record>
